[Event "Israeli League"]
[Site "Ramat Aviv ISR"]
[Date "2000.03.17"]
[Round "6"]
[White "Zilberman,Y"]
[Black "Smirin,I"]
[Result "0-1"]
[WhiteElo "2505"]
[BlackElo "2666"]

1.d4 Nf6 2.Nf3 g6 3.c4 Bg7 4.Nc3 O-O 5.g3 d6 6.Bg2 Nc6 7.O-O Bf5 8.Ne1 Na5
9.e4 Bg4 10.f3 Bd7 11.b3 c5 12.Nc2 Nc6 13.Be3 Qa5 14.Qd2 a6 15.Rfd1 b5 16.cxb5 axb5
17.dxc5 Ng4 18.b4 Nxb4 19.Bd4 e5 20.Nxb4 exd4 21.Ncd5 dxc5 22.fxg4 cxb4 23.g5 d3
24.Nf6+ Bxf6 25.gxf6 Qb6+ 26.Kh1 Qxf6 27.e5 Qxe5 28.Bxa8 Rxa8 29.Qxd3 Bc6+
30.Kg1 b3 31.a3 b2 32.Rab1 Be4 33.Qe3 Re8 34.Qf2 Bxb1 35.Rxb1 Rd8 36.Rxb2 Rd1+
37.Kg2 Qe4+ 38.Kh3 Rd5 39.g4 Rd3+  0-1

[Event "New York Open"]
[Site "New York USA"]
[Date "2000.05.07"]
[Round "5"]
[White "Khenkin,I"]
[Black "Smirin,I"]
[Result "1/2-1/2"]
[WhiteElo "2622"]
[BlackElo "2666"]

1.d4 d6 2.e4 Nf6 3.Nc3 g6 4.Nf3 Bg7 5.Be3 O-O 6.Qd2 a6 7.Bh6 b5 8.Bxg7 Kxg7
9.Bd3 Nc6 10.Nd5 e5 11.Nxf6 Qxf6 12.d5 Ne7 13.a4  1/2-1/2

[Event "Continental Open"]
[Site "Los Angeles USA"]
[Date "2000.07.26"]
[Round "3"]
[White "Shabalov,A"]
[Black "Smirin,I"]
[Result "0-1"]
[WhiteElo "2601"]
[BlackElo "2677"]

1.e4 c5 2.Nf3 e6 3.d4 cxd4 4.Nxd4 a6 5.Nc3 b5 6.Bd3 Qb6 7.Nf3 Nc6 8.O-O Qb8
9.e5 Nge7 10.Bf4 f5 11.h4 Nb4 12.Bh2 Bb7 13.Be2 Nbd5 14.Nd4 Nxc3 15.bxc3 Nd5
16.Qd3 Qc7 17.Bf3 Rc8 18.a4 b4 19.Nxf5 Qxc3 20.Ne3 Nxe3 21.Bxb7 Nxf1 22.Bxc8 Qxc8
23.Kxf1 Bc5 24.Bf4 O-O 25.g3 Qc6 26.Kg1 Rc8 27.a5 Rc7 28.Rd1 Ba7 29.Qd2 Qb5
30.Qd6 Qb7 31.Bd2 Qc8 32.Qxb4 Rxc2  0-1

[Event "Continental Open"]
[Site "Los Angeles USA"]
[Date "2000.07.30"]
[Round "8"]
[White "Smirin,I"]
[Black "Ivanov,AV"]
[Result "1/2-1/2"]
[WhiteElo "2677"]
[BlackElo "2567"]

1.c4 e5 2.Nc3 Nc6 3.g3 g6 4.Bg2 Bg7 5.Nf3 Nd4 6.O-O Nxf3+ 7.Bxf3 Ne7 8.b4 O-O
9.Bg2 d6 10.d3 a6 11.Bb2 c6 12.a4 Be6 13.b5 d5 14.bxc6  1/2-1/2

[Event "34th Olympiad"]
[Site "Istanbul TUR"]
[Date "2000.10.30"]
[Round "3"]
[White "Sermek,D"]
[Black "Smirin,I"]
[Result "0-1"]
[WhiteElo "2514"]
[BlackElo "2677"]

1.e4 g6 2.d4 Bg7 3.Nc3 d6 4.g3 Nc6 5.Be3 Nf6 6.h3 e5 7.dxe5 Nxe5 8.f4 Nc6
9.Bg2 O-O 10.Nge2 Re8 11.Qd2 Na5 12.b3 Bd7 13.O-O-O Bc6 14.Nd4 Nxe4 15.Nxc6 Nxd2
16.Nxd8 Rxe3 17.Nxb7 Bxc3 18.Nxa5 Rae8 19.Bc6 R8e7 20.Rxd2 Bxa5 21.Rg2 Bc3
22.Rd1 Be1 23.g4 Rxh3 24.c4 Kg7 25.Kc2 Ree3 26.Bd5 a5 27.Bc6 Bb4 28.Kb2 Rhg3
29.Rdg1 Rh3 30.Rf1 Bc5 31.Rd1 Reg3 32.Rdd2 Be3 33.Rxg3 Rxg3 34.Rd5 Rg2+ 35.Kb1 Rxg4
36.Rxa5 Rxf4 37.Kc2 h5 38.a4 h4 39.Rd5 Rf2+ 40.Kc3 h3 41.Rd3 Re2 42.c5 g5
43.a5 g4 44.cxd6 cxd6  0-1

[Event "34th Olympiad"]
[Site "Istanbul TUR"]
[Date "2000.11.04"]
[Round "7"]
[White "Smirin,I"]
[Black "Svidler,P"]
[Result "1/2-1/2"]
[WhiteElo "2677"]
[BlackElo "2689"]

1.c4 Nf6 2.Nc3 e5 3.Nf3 Nc6 4.d4 exd4 5.Nxd4 Bb4 6.Bg5 O-O 7.Rc1 h6 8.Bh4 Nxd4
9.Qxd4 g5 10.Bg3 c5 11.Qd6 Re8 12.e3 Ne4 13.Qxh6 d5 14.cxd5 Qxd5 15.Rd1 Qe6
16.Qxe6 Bxe6 17.Bb5 Red8 18.Rc1 a6 19.Be2 Bxa2 20.Bf3 Nxg3 21.hxg3 Bc4 22.Be2 Bd5
23.f4 Bxg2 24.Rh5 gxf4 25.gxf4 Bc6 26.Kf2 Kf8 27.Rg1 a5 28.Rh7 Bxc3 29.bxc3 Ke7
30.Rg5 Rh8 31.Rxh8 Rxh8 32.Rxc5 Ra8 33.Bc4 a4 34.Re5+ Kf6 35.e4 Bd7 36.Ba2 a3
37.Ke3 Be6 38.c4 Rh8 39.Kd4 Rh2 40.Bb3 b6 41.Rb5 a2 42.Bxa2 Rd2+ 43.Kc3 Rxa2
44.Rxb6 Ke7 45.f5 Bc8 46.Kd4 Ra6 47.Rxa6 Bxa6 48.e5  1/2-1/2

[Event "34th Olympiad"]
[Site "Istanbul TUR"]
[Date "2000.11.07"]
[Round "10"]
[White "Smirin,I"]
[Black "Hansen,Cu"]
[Result "1/2-1/2"]
[WhiteElo "2677"]
[BlackElo "2613"]

1.e4 c5 2.Nf3 d6 3.d4 cxd4 4.Nxd4 Nf6 5.Nc3 a6 6.Be2 e6 7.O-O Be7 8.f4 Qc7
9.a4 Nc6 10.Be3 O-O 11.Kh1 Re8 12.a5 Nxa5 13.e5 dxe5 14.fxe5 Qxe5 15.Bf4 Qc5
16.Na4 Qa7 17.Be3 Rd8 18.Nf5 exf5 19.Bxa7 Rxd1 20.Rfxd1 Rxa7 21.Nb6 Be6 22.Rxa5 Ne4
23.Kg1 g6 24.Kf1 Bb4 25.Ra4 Bc5 26.Nd7 Be7 27.Nb6 Bc5 28.Nd7 Be7 29.Nb6  1/2-1/2

[Event "34th Olympiad"]
[Site "Istanbul TUR"]
[Date "2000.11.12"]
[Round "14"]
[White "Ilincic,Z"]
[Black "Smirin,I"]
[Result "0-1"]
[WhiteElo "2563"]
[BlackElo "2677"]

1.d4 Nf6 2.c4 g6 3.g3 c5 4.d5 Bg7 5.Nc3 O-O 6.Bg2 d6 7.Nf3 Na6 8.O-O Nc7
9.a4 e6 10.dxe6 Nxe6 11.e4 Qb6 12.a5 Qa6 13.Re1 Bd7 14.Bf1 Rfe8 15.Ra3 Qc6
16.Nd5 Nd4 17.Nxd4 cxd4 18.Bh6 Bh8 19.Qxd4 Ng4 20.Qd2 Nxh6 21.Qxh6 Bxb2 22.e5 dxe5
23.Rb3 Bd4 24.Re4 Bf5 25.Rf3 Bxe4 26.Nf6+ Qxf6 27.Rxf6 Bc6 28.Rd6 Bc5 29.Rd1 e4
30.Qg5 b6 31.Bg2 Kg7 32.Kf1 Re6 33.Bh3 Rf6 34.Qe5 Re8 35.Qc3 e3 36.Re1 bxa5
37.Qa1 Rd8 38.Qxa5 Bb6 39.Qc3 exf2 40.Rc1 Be4 41.Bg4 Bd3+ 42.Be2 Be3 43.Bxd3 Bxc1
44.c5 Bb2 45.Qc2 Bd4 46.c6 Bb6 47.g4 Re6 48.Kg2 Re1 49.Bf1 Rdd1 50.c7 Rxf1
51.Qb2+ Bd4 52.Qxd4+ Rxd4 53.c8=Q Rg1+  0-1

[Event "GMA"]
[Site "Dos Hermanas ESP"]
[Date "2001.04.20"]
[Round "2"]
[White "Smirin,I"]
[Black "Krasenkow,M"]
[Result "1-0"]
[WhiteElo "2691"]
[BlackElo "2655"]

1.e4 c5 2.Nf3 Nc6 3.Bb5 e6 4.O-O Nge7 5.c3 a6 6.Ba4 b5 7.Bc2 Bb7 8.Qe2 d5
9.e5 d4 10.Be4 Ng6 11.cxd4 cxd4 12.d3 Be7 13.Nbd2 Qc7 14.Nb3 O-O 15.Bd2 Rfc8
16.Rac1 Qb6 17.h4 h6 18.h5 Nf8 19.Nfxd4 Nxd4 20.Nxd4 Rxc1 21.Rxc1 Qxd4 22.Bxb7 Rb8
23.Be3 Qxe5 24.d4 Qd6 25.Qf3 Rd8 26.a3 a5 27.Rc6 Qd7 28.Ra6 b4 29.Rxa5 bxa3
30.bxa3 Rb8 31.Be4 f5 32.Bd3 Rb3 33.Qd1 Rxa3 34.Rxa3 Bxa3 35.Qb3 f4 36.Qxa3 fxe3
37.fxe3 Qc7 38.Be4 Qg3 39.Kf1 Qh4 40.Bf3 Nh7 41.Ke2 Ng5 42.Qe7 Kh7 43.Qb7 Nxf3
44.Qxf3 Kg8 45.Kd3 Qe1 46.Kc4 Qc1+ 47.Kb5 Qc2 48.Kb6 Qc4 49.g4 Kh7 50.Qe4+ Kg8
51.Qe5 Qb3+ 52.Kc7 Kf7 53.Kd8 Qa3 54.Qf4+ Kg8 55.Ke8 Qb3 56.Ke7 Kh8 57.Qe5 Qb7+
58.Kxe6 Qc8+ 59.Kf7 Qb7+ 60.Kf8 Qf3+ 61.Qf4 Qa8+ 62.Ke7 Qb7+ 63.Kd8 Qa8+
64.Kc7 Qa5+ 65.Kc6 Qa4+ 66.Kc5 Qc2+ 67.Kd6 Qc8 68.Qf7 Qc3 69.Qe8+ Kh7 70.Qe4+ Kh8
71.d5 Qf6+ 72.Kd7  1-0

[Event "GMA"]
[Site "Dos Hermanas ESP"]
[Date "2001.04.23"]
[Round "5"]
[White "Smirin,I"]
[Black "Vallejo Pons,F"]
[Result "1/2-1/2"]
[WhiteElo "2691"]
[BlackElo "2559"]

1.e4 e5 2.Nf3 Nf6 3.Nxe5 d6 4.Nf3 Nxe4 5.c4 Be7 6.d4 Bg4 7.Nc3 Nxc3 8.bxc3 O-O
9.Bd3 Nd7 10.O-O Nf6 11.Rb1 b6 12.Re1 Re8 13.Bg5 Qd7 14.h3 Bf5 15.Bxf5 Qxf5
16.Bxf6 Bxf6 17.Qa4 Red8 18.Qd1 Qg6 19.Rb2  1/2-1/2

[Event "GMA"]
[Site "Dos Hermanas ESP"]
[Date "2001.04.26"]
[Round "8"]
[White "Illescas Cordoba,M"]
[Black "Smirin,I"]
[Result "1/2-1/2"]
[WhiteElo "2562"]
[BlackElo "2691"]

1.d4 Nf6 2.Nf3 g6 3.c4 Bg7 4.Nc3 O-O 5.e4 d6 6.Be2 e5 7.Be3 exd4 8.Nxd4 Re8
9.f3 c6 10.Bf2 d5 11.exd5 cxd5 12.c5 Nc6 13.O-O Nh5 14.Qd2 Be5 15.g3 Bh3
16.Rfd1 Nf6 17.Bb5 Rc8 18.Re1 h5 19.Bxc6 bxc6 20.Re2 Bb8 21.Rae1 Rxe2 22.Ncxe2 Nh7
23.Nf4 Bd7 24.Kg2  1/2-1/2

[Event "Bosnia 2001"]
[Site "Sarajevo BIH"]
[Date "2001.05.15"]
[Round "3"]
[White "Kozul,Z"]
[Black "Smirin,I"]
[Result "0-1"]
[WhiteElo "2595"]
[BlackElo "2691"]

1.d4 Nf6 2.Nf3 g6 3.c4 Bg7 4.Nc3 d5 5.Qb3 dxc4 6.Qxc4 O-O 7.e4 Na6 8.Be2 c5
9.d5 e6 10.O-O exd5 11.exd5 Bf5 12.Be3 Qb6 13.Nh4 Bd7 14.a3 Rfe8 15.Rad1 Rab8
16.Rd2 Qa5 17.Nf3 b5 18.Qh4 b4 19.Nb1 Rb6 20.h3 Bf5 21.d6 Nb8 22.Rdd1 Bxb1
23.Rxb1 Rxd6 24.axb4 cxb4 25.Ra1 Qd8 26.Rxa7 Nc6 27.Rb7 Nd5 28.Bc5 Rxe2 29.Bxd6 Qxd6
30.Rd1 Rxb2 31.Ng5 h6 32.Nxf7 Qf4 33.Qxf4 Nxf4 34.Rd6 Rc2 35.Nd8 Ne2+ 36.Kf1 Ncd4
37.f4 Nf5 38.Rxg6 Nxf4  0-1

[Event "Bosnia 2001"]
[Site "Sarajevo BIH"]
[Date "2001.05.16"]
[Round "4"]
[White "Smirin,I"]
[Black "Topalov,V"]
[Result "1/2-1/2"]
[WhiteElo "2691"]
[BlackElo "2707"]

1.e4 c5 2.Nf3 d6 3.d4 cxd4 4.Nxd4 Nf6 5.Nc3 a6 6.Be2 e6 7.O-O Be7 8.f4 O-O
9.Kh1 Qc7 10.a4 Nc6 11.Be3 Re8 12.Bd3 Nb4 13.a5 Bd7 14.Qe1 Nxd3 15.cxd3 Bc6
16.Qg3 Nd7 17.f5 Bf6 18.Nde2 Be5 19.Qh3 exf5 20.Qxf5 Bf6 21.d4 Nf8 22.Qf3 Ng6
23.Ng3 Qd7 24.Rad1 Bd8 25.b4 Rc8 26.Rc1 Rc7 27.Nf5 Nh4 28.Nxh4 Bxh4 29.d5 Bb5
30.Nxb5 Rxc1 31.Bxc1 axb5 32.Bb2 Bg5 33.h3 f6 34.Bc1 h6  1/2-1/2

[Event "Bosnia 2001"]
[Site "Sarajevo BIH"]
[Date "2001.05.17"]
[Round "5"]
[White "Georgiev,Ki"]
[Black "Smirin,I"]
[Result "1/2-1/2"]
[WhiteElo "2676"]
[BlackElo "2691"]

1.Nf3 Nf6 2.c4 g6 3.g3 Bg7 4.Bg2 O-O 5.O-O c6 6.d4 d5 7.cxd5 cxd5 8.Ne5 Ng4
9.f4 Nxe5 10.fxe5 Nc6 11.Nc3 Be6 12.Be3  1/2-1/2

[Event "Bosnia 2001"]
[Site "Sarajevo BIH"]
[Date "2001.05.19"]
[Round "6"]
[White "Smirin,I"]
[Black "Sokolov,I"]
[Result "1/2-1/2"]
[WhiteElo "2691"]
[BlackElo "2659"]

1.e4 e5 2.Nf3 Nc6 3.Bb5 a6 4.Ba4 Nf6 5.O-O Be7 6.Re1 d6 7.Bxc6+ bxc6 8.d4 exd4
9.Nxd4 Bd7 10.Nc3 O-O 11.Qf3 Re8 12.Bg5 h6 13.Bh4 Nh7 14.Bxe7 Qxe7 15.h3 Rab8
16.Nb3 Qg5 17.Qe3 Qg6 18.f4 Nf6 19.f5 Qg5 20.Qf2 Re7 21.Re3 h5 22.Rae1 Rbe8
23.R3e2 c5 24.Nd2 Bc6 25.a3 Qh6 26.b4 cxb4 27.axb4 Qg5 28.Re3 Bb7 29.R3e2 Bc6
30.Re3 Rb8 31.Nf3 Qh6 32.e5 Bxf3 33.exf6 Rxe3 34.Qxe3 Qxe3+ 35.Rxe3 Bc6 36.Rg3 g6
37.fxg6 Rxb4 38.Ne2 fxg6 39.Rxg6+ Kf7 40.Rg7+ Kxf6 41.Rxc7 Bb7 42.Rh7 h4
43.Rh6+  1/2-1/2

[Event "Bosnia 2001"]
[Site "Sarajevo BIH"]
[Date "2001.05.21"]
[Round "8"]
[White "Smirin,I"]
[Black "Atalik,S"]
[Result "0-1"]
[WhiteElo "2691"]
[BlackElo "2537"]

1.c4 e6 2.Nc3 b6 3.Nf3 Bb7 4.e4 Bb4 5.Bd3 Ne7 6.O-O O-O 7.Bc2 f5 8.exf5 Bxf3
9.Qxf3 Nbc6 10.Ne2 Bc5 11.f6 Ng6 12.Be4 Rxf6 13.Qh3 Qf8 14.d4 Nxd4 15.Nxd4 Bxd4
16.Bxa8 Rxf2 17.Be3 Nf4 18.Qg4 Rxf1+ 19.Kxf1 Bxe3 20.Qf3 Qc5 21.b3 Ng6 22.Re1 Bd4
23.Be4 Ne5 24.Qf4 b5 25.cxb5 Qxb5+ 26.Re2 c5 27.Qh4 g6 28.Bc2 Qb8 29.Re4 Qb5+
30.Re2 Qb8 31.Re4 Nc6 32.Rg4 Bg7 33.Qg3 Be5 34.Qf2 Bd4 35.Qg3 Qf8+ 36.Rf4 Qh6
37.Qh4 Qxh4 38.Rxh4 Nb4 39.Bb1 Nd5 40.Be4 Ne3+ 41.Ke2 d5 42.Bf3 e5 43.Rh3 h5
44.Bxh5 Nxg2 45.Rg3 Nf4+ 46.Kf3 Nxh5 47.Rxg6+ Kf7 48.Ra6 e4+ 49.Kg4 e3 50.Rxa7+ Kf6
51.Kf3 c4 52.Ra6+ Kf5 53.bxc4 Nf4 54.cxd5 e2 55.Re6 Nxe6 56.Kxe2 Nf4+ 57.Kf3 Nxd5
58.a4 Bb6 59.h4 Nc3 60.h5 Nxa4 61.h6 Nc3 62.h7 Bd4 63.Kg3 Kg6 64.Kf3 Kxh7
65.Kg4 Kg6 66.Kf3 Kf5 67.Kg3 Be3 68.Kf3 Bf4 69.Kg2 Kg4 70.Kf2 Bd2 71.Kg2 Be1
72.Kf1 Bh4 73.Kg2 Bg3 74.Kg1 Kf3 75.Kh1 Ne4 76.Kg1 Nf2 77.Kf1 Bh2 78.Ke1 Ne4
79.Kd1 Ke3 80.Kc2 Nd2  0-1

[Event "TCh-CRO"]
[Site "Pula CRO"]
[Date "2001.09.11"]
[Round "2"]
[White "Sax,G"]
[Black "Smirin,I"]
[Result "1/2-1/2"]
[WhiteElo "2576"]
[BlackElo "2702"]

1.e4 c5 2.Nf3 Nc6 3.d4 cxd4 4.Nxd4 Nf6 5.Nc3 d6 6.Bg5 e6 7.Qd2 Be7 8.O-O-O O-O
9.f3 a6 10.h4 Nxd4 11.Qxd4 b5 12.Kb1 Bb7 13.Qd2 Qc7 14.Bd3 Rfd8 15.g4 b4
16.Ne2 a5 17.Nd4 a4 18.Nb5 Qb6 19.h5 d5  1/2-1/2

[Event "TCh-CRO"]
[Site "Pula CRO"]
[Date "2001.09.14"]
[Round "5"]
[White "Smirin,I"]
[Black "Stevic,H"]
[Result "1-0"]
[WhiteElo "2702"]
[BlackElo "2485"]

1.c4 c5 2.Nf3 Nc6 3.Nc3 g6 4.e3 Nf6 5.d4 cxd4 6.exd4 d5 7.Bg5 Ne4 8.cxd5 Nxc3
9.bxc3 Qxd5 10.Be2 Bg7 11.O-O O-O 12.Re1 Re8 13.Qb3 Be6 14.c4 Qf5 15.Be3 b5
16.Qxb5 Qxb5 17.cxb5 Nb4 18.Rec1 Nxa2 19.Rc7 Rec8 20.Rxe7 Bd5 21.Bf1 Bf8
22.Re5 Nc3 23.Bd2 Bxf3 24.gxf3 Bg7 25.b6 Bxe5 26.dxe5 Rc6 27.f4 Nd5 28.bxa7 Rc7
29.Ra5 Rd7 30.Bh3 Raxa7 31.e6 Rxa5 32.exd7 Ra8 33.Ba5 Nxf4 34.Bg2 Nxg2 35.Kxg2 f5
36.d8=Q+ Rxd8 37.Bxd8 f4 38.Kf3 Kf7  1-0

[Event "TCh-CRO"]
[Site "Pula CRO"]
[Date "2001.09.15"]
[Round "6"]
[White "Delchev,A"]
[Black "Smirin,I"]
[Result "0-1"]
[WhiteElo "2629"]
[BlackElo "2702"]

1.d4 Nf6 2.c4 g6 3.Nc3 Bg7 4.e4 d6 5.Nf3 O-O 6.Be2 e5 7.O-O Nc6 8.d5 Ne7
9.b4 a5 10.Ba3 b6 11.bxa5 Nh5 12.Re1 f5 13.Bb4 bxa5 14.Ba3 Nf4 15.Bf1 fxe4
16.Nd2 Nd3 17.Bxd3 exd3 18.Nde4 Nf5 19.Qxd3 Bh6 20.Bc1 Bxc1 21.Raxc1 a4 22.Rb1 Nd4
23.Rb4 Bf5 24.Rb7 Rb8 25.Rxb8 Qxb8 26.Rb1 Qa7 27.h3 Rb8 28.Kh2 a3 29.Rxb8+ Qxb8
30.c5 dxc5 31.Qa6 Qf8 32.Kg1 Bxe4 33.Nxe4 Qf4 34.Qc8+ Kg7 35.Qxc7+ Kh6 36.Ng3 c4
37.d6 e4 38.Qxc4 e3 39.Qf1 exf2+ 40.Qxf2 Qxd6 41.Ne4 Qb4 42.Qf4+ Kg7 43.Qe5+ Kg8
44.Kh2 Nf5 45.Nf6+ Kf7 46.Nxh7 Qh4 47.Qc7+ Kg8 48.Kg1 Ne7 49.Qc3 Kxh7 50.Qxa3 Qd4+
51.Kh2 Nf5 52.Qa8 Qe5+ 53.Kg1 Ng3 54.Qa7+ Kh6 55.Kf2 Qf4+ 56.Kg1 Qc1+ 57.Kf2 Nh1+
58.Ke2 Ng3+ 59.Kf3 Nf5 60.Qf2 Kg5 61.g4 Qc3+ 62.Ke4 Ng3+ 63.Kd5 Kh4 64.Qg2 g5
65.Ke6 Qe3+ 66.Kf6 Ne4+ 67.Kg6 Nf2  0-1

[Event "TCh-CRO"]
[Site "Pula CRO"]
[Date "2001.09.17"]
[Round "8"]
[White "Gyimesi,Z"]
[Black "Smirin,I"]
[Result "1/2-1/2"]
[WhiteElo "2602"]
[BlackElo "2702"]

1.d4 Nf6 2.c4 g6 3.Nc3 d5 4.Nf3 Bg7 5.Qb3 dxc4 6.Qxc4 O-O 7.e4 Na6 8.Be2 c5
9.d5 e6 10.O-O exd5 11.exd5 Bf5 12.Be3 Qb6 13.b3 Rfe8 14.Rad1 Rad8 15.Na4 Qa5
16.d6 Rd7 17.Qb5 Qd8 18.Bxc5 Nxc5 19.Nxc5 a6 20.Qc4 b5 21.Qc1 Rxe2 22.Nd4 Rxa2
23.Nxf5 gxf5 24.Nxd7 Nxd7 25.Qc7 Bf6 26.Rd3 f4 27.Rfd1 Qe8 28.Rf3 Rd2 29.Qc1 Rxd1+
30.Qxd1 Qe4 31.g3 Be5 32.Rd3 Kf8 33.f3 Qc6 34.Kg2 a5 35.Qd2 fxg3 36.Qxa5 Ke8
37.hxg3 Bxd6 38.Rc3 Qb7 39.Re3+ Ne5 40.Qd2 Qc6 41.Rc3 Qd7 42.Qc2 h6 43.Qh7 Bf8
44.Qc2 Kd8 45.Re3 Qd5 46.Qc3 Bd6 47.Re2 Nd7 48.Qh8+ Bf8 49.Qc3 b4 50.Qe3 Bc5
51.Qxh6 Qxb3 52.Rd2 Qc3 53.Qg5+ Kc7 54.Qd5 Ne5 55.f4 Nc6 56.Qxf7+ Be7 57.Qd5 b3
58.Rd3 Qc2+ 59.Rd2 Qc1 60.Qd7+ Kb6 61.Qd3 Bb4 62.Qe3+ Qc5 63.Qxb3 Nd4  1/2-1/2

[Event "TCh-CRO"]
[Site "Pula CRO"]
[Date "2001.09.18"]
[Round "9"]
[White "Smirin,I"]
[Black "Hulak,K"]
[Result "1-0"]
[WhiteElo "2702"]
[BlackElo "2566"]

1.e4 c5 2.Nf3 e6 3.d4 cxd4 4.Nxd4 a6 5.Nc3 Qc7 6.Bd3 Nf6 7.O-O d6 8.a4 Nc6
9.Be3 Be7 10.Kh1 e5 11.Nxc6 bxc6 12.f4 Ng4 13.Bd2 exf4 14.Bxf4 g5 15.Be2 h5
16.Bg3 Rh6 17.Bc4 f6 18.Bf2 h4 19.Be2 Ne5 20.Bd4 Be6 21.Bxe5 fxe5 22.Bh5+ Kd8
23.Bg4 Qd7 24.Bxe6 Qxe6 25.Qd3 a5 26.Nd1 Kc7 27.Ne3 Rf6 28.Nf5 Rf7 29.Rad1 Bf8
30.Qc3 Ra6 31.Ne3 Rf4 32.Nd5+ Kb7 33.Nxf4 gxf4 34.b4 axb4 35.Qxb4+ Rb6 36.Qc3 Qe8
37.Rb1 Qd8 38.Qc4 Be7 39.a5 Rxb1 40.Rxb1+ Kc7 41.a6  1-0

[Event "ECC"]
[Site "Panormo GRE"]
[Date "2001.09.24"]
[Round "2"]
[White "Smirin,I"]
[Black "Harestad,T"]
[Result "1-0"]
[WhiteElo "2702"]
[BlackElo "2235"]

1.e4 c5 2.Nf3 Nc6 3.Bb5 g6 4.c3 Bg7 5.d4 cxd4 6.cxd4 Qb6 7.Nc3 a6 8.Ba4 e6
9.d5 Nd4 10.O-O Nxf3+ 11.Qxf3 Ne7 12.Bb3 O-O 13.Bg5 Re8 14.Rfd1 h6 15.Na4 Qb5
16.Be3 Rb8 17.Nb6 Rf8 18.Rac1 exd5 19.Nxd5 Nc6 20.Rc5 Ne5 21.Qf4 g5 22.Nf6+ Bxf6
23.Qxf6 Ng4 24.Qg6+ Kh8 25.Bd4+  1-0

[Event "ECC"]
[Site "Panormo GRE"]
[Date "2001.09.26"]
[Round "4"]
[White "Smirin,I"]
[Black "Grischuk,A"]
[Result "0-1"]
[WhiteElo "2702"]
[BlackElo "2669"]

1.e4 e5 2.Nf3 Nc6 3.Bb5 a6 4.Ba4 Nf6 5.O-O Be7 6.Re1 b5 7.Bb3 O-O 8.c3 d5
9.exd5 Nxd5 10.Nxe5 Nxe5 11.Rxe5 c6 12.d4 Bd6 13.Re1 Qh4 14.g3 Qh3 15.Re4 g5
16.Qe2 f5 17.Re6 Bxe6 18.Qxe6+ Kh8 19.Qxd6 Rae8 20.Bd2 f4 21.Bxd5 cxd5 22.f3 g4  0-1

[Event "ECC"]
[Site "Panormo GRE"]
[Date "2001.09.29"]
[Round "7"]
[White "Smirin,I"]
[Black "Zhigalko,A"]
[Result "1-0"]
[WhiteElo "2702"]
[BlackElo "2400"]

1.e4 c5 2.Ne2 d6 3.Nbc3 Nf6 4.d4 cxd4 5.Nxd4 a6 6.h3 e6 7.g4 d5 8.exd5 Nxd5
9.Bd2 Bc5 10.Nb3 Ba7 11.Bg2 O-O 12.Qe2 Nxc3 13.Bxc3 Nc6 14.Rd1 Qc7 15.O-O Bd7
16.Rd2 Rad8 17.Rfd1 Bb8 18.a4 Ne7 19.Be5 Qxe5 20.Qxe5 Bxe5 21.Rxd7 Rxd7 22.Rxd7 Nd5
23.Bxd5 exd5 24.c3 b6 25.Rxd5 f6 26.Nd2 Rc8 27.Kf1 Rc7 28.Rd8+ Kf7 29.Ra8 a5
30.Rd8 Ke7 31.Rd5 Bf4 32.Ke2 Bxd2 33.Kxd2 Ke6 34.Rb5 Rc6 35.f4 Kd6 36.f5 Kc7
37.Rd5 Rc4 38.Rd4 Rc5 39.Re4 Kd7 40.b4 axb4 41.cxb4 Rc8 42.Kd3 Rc1 43.Re6 Ra1
44.Rxb6 Rxa4 45.Kc4  1-0

[Event "EuTCh"]
[Site "Leon ESP"]
[Date "2001.11.08"]
[Round "3"]
[White "Smirin,I"]
[Black "Borgo,G"]
[Result "1-0"]
[WhiteElo "2698"]
[BlackElo "2424"]

1.e4 e6 2.d4 d5 3.Nd2 dxe4 4.Nxe4 Nd7 5.Bd3 Ngf6 6.Qe2 c5 7.Nxf6+ Nxf6 8.Bg5 Qa5+
9.Bd2 Qb6 10.O-O-O cxd4 11.Nf3 Bd7 12.Ne5 a6 13.Bg5 Rd8 14.f4 Be7 15.f5 Bc8
16.Bc4 O-O 17.h4 Rde8 18.g4 exf5 19.gxf5 Bd8 20.Rhe1 Qc5 21.Bd3 Qa5 22.Kb1 Nd5
23.Bxd8 Qxd8 24.f6 Nxf6 25.Qg2 Qd5 26.Qg5 h6 27.Qf4 Nh5 28.Qh2 Be6 29.b3 Qd6
30.Qf2 Bxb3 31.axb3 Rxe5 32.Rg1 Qf6 33.Qxd4 Kh8 34.Qb4 Qe7 35.Qg4 Rd8 36.Rdf1 Rxd3
37.cxd3 Rb5 38.Kb2 Qe5+ 39.d4 Qd5 40.Rf3 Rb4 41.Rd3 a5 42.Rf1 Qc4 43.Qh3 a4
44.Re1 g6 45.Qe3 Nf4 46.Qxf4 Rxb3+ 47.Ka1 Kh7 48.Rxb3 Qxb3 49.Qc1 b5 50.Qb2 Qc4
51.Rc1 a3 52.Qd2  1-0

[Event "EuTCh"]
[Site "Leon ESP"]
[Date "2001.11.11"]
[Round "6"]
[White "Smirin,I"]
[Black "Vallejo Pons,F"]
[Result "1-0"]
[WhiteElo "2698"]
[BlackElo "2630"]

1.c4 Nc6 2.d4 d5 3.cxd5 Qxd5 4.e3 e5 5.Nc3 Bb4 6.Bd2 Bxc3 7.bxc3 Nf6 8.f3 e4
9.Qb3 Qd6 10.Qb1 Bf5 11.Ne2 Bg6 12.Qb3 O-O 13.Nf4 Na5 14.Qb4 Nc6 15.Qxd6 cxd6
16.h4 exf3 17.gxf3 Nh5 18.Nxg6 hxg6 19.Rg1 Rac8 20.c4 Ne7 21.Rb1 Nf5 22.Rxb7 Nxh4
23.Kf2 Rb8 24.Rb3 Rb6 25.Bd3 Rfb8 26.Rgb1 Kf8 27.Bb4 Ke7 28.Bxd6+  1-0

[Event "EuTCh"]
[Site "Leon ESP"]
[Date "2001.11.13"]
[Round "7"]
[White "Smirin,I"]
[Black "Gashimov,V"]
[Result "1-0"]
[WhiteElo "2698"]
[BlackElo "2442"]

1.e4 c5 2.Nf3 d6 3.d4 cxd4 4.Nxd4 Nf6 5.Nc3 a6 6.Be3 Ng4 7.Bc1 Nf6 8.Be2 e6
9.O-O Be7 10.f4 O-O 11.a4 Nc6 12.Be3 Qc7 13.Kh1 Re8 14.Bd3 Nxd4 15.Bxd4 e5
16.Be3 exf4 17.Rxf4 Be6 18.Nd5 Bxd5 19.exd5 g6 20.Qf3 Nd7 21.Bd4 Rf8 22.Rf1 Ne5
23.Bxe5 dxe5 24.Rxf7 Qd6 25.a5 Rad8 26.Be4 b6 27.axb6 Qxb6 28.h4 Kh8 29.Qg3 Rxf7
30.Rxf7 Qd6 31.h5 Rf8 32.Rxf8+ Bxf8 33.hxg6 Qf6 34.gxh7 Qh6+ 35.Kg1 Qc1+
36.Kf2 Qd2+ 37.Kf1 Qd1+ 38.Qe1 Qh5 39.Qe3 Qd1+ 40.Qe1 Qh5 41.g3 Qh3+ 42.Ke2 Qd7
43.Qf2 Bg7 44.Qf5 Qb5+ 45.Bd3  1-0

[Event "EuTCh"]
[Site "Leon ESP"]
[Date "2001.11.14"]
[Round "8"]
[White "Smirin,I"]
[Black "Lautier,J"]
[Result "1/2-1/2"]
[WhiteElo "2698"]
[BlackElo "2653"]

1.e4 c5 2.Nf3 Nc6 3.Bb5 d6 4.O-O Bd7 5.Re1 Nf6 6.h3 Ne5 7.a4 a6 8.Bf1 Nxf3+
9.Qxf3 Bc6 10.d3 e6 11.Nd2 Be7 12.a5 O-O 13.Nc4 Qc7 14.Bf4 Rad8 15.Qd1 Nd7
16.Bg3 Ne5 17.Nd2 Ng6 18.c3 Bf6 19.Nc4 Bb5 20.Nb6 Be5 21.d4 Bxf1 22.Rxf1 Bxg3
23.fxg3 Ne7 24.d5 exd5 25.exd5 Ng6  1/2-1/2

[Event "EuTCh"]
[Site "Leon ESP"]
[Date "2001.11.15"]
[Round "9"]
[White "Piket,Je"]
[Black "Smirin,I"]
[Result "1-0"]
[WhiteElo "2649"]
[BlackElo "2698"]

1.d4 d6 2.c4 e5 3.Nf3 e4 4.Ng5 f5 5.g3 Be7 6.Nh3 c6 7.Nc3 Nf6 8.Bg2 d5 9.cxd5 cxd5
10.Bg5 Ng8 11.Bxe7 Nxe7 12.Nf4 Nbc6 13.e3 O-O 14.h4 Qd6 15.Qb3 Rd8 16.a3 b6
17.Bf1 Bb7 18.Rc1 Rac8 19.Be2 Kh8 20.Kf1 g6 21.Kg2 Kg7 22.Qa4 a6 23.Bxa6 Ra8
24.Bxb7 Rxa4 25.Nxa4 Na5 26.Ba6 Ra8 27.Bb5 Nc4 28.Rc2 h6 29.Nc3 Na5 30.b4 Nb7
31.Ncxd5 Nxd5 32.Nxd5 Qxd5 33.Rc7+ Kf8 34.Bc4  1-0

[Event "TCh-ISR"]
[Site "ISR"]
[Date "2002.01.12"]
[Round "1"]
[White "Smirin,I"]
[Black "Gelfer,I"]
[Result "1-0"]
[WhiteElo "2702"]
[BlackElo "2331"]

1.e4 c6 2.d4 d5 3.e5 Bf5 4.Nf3 e6 5.Be2 c5 6.Be3 Bg4 7.dxc5 Nd7 8.c4 Ne7
9.Nc3 dxc4 10.Qa4 Nc6 11.O-O-O Qa5 12.Qxa5 Nxa5 13.Nb5 O-O-O 14.Nxa7+ Kb8
15.c6 Bc5 16.c7+ Kxc7 17.Rxd7+ Rxd7 18.Bxc5 Rd5 19.Be3 b6 20.h3 Bh5 21.g4 Bg6
22.Nd4 Kb7 23.Nab5 Rxe5 24.Bf3+ Kc8 25.Bf4  1-0

[Event "TCh-ISR"]
[Site "ISR"]
[Date "2002.01.18"]
[Round "2"]
[White "Smirin,I"]
[Black "Sutovsky,E"]
[Result "1-0"]
[WhiteElo "2702"]
[BlackElo "2656"]

1.e4 c5 2.Nf3 d6 3.d4 Nf6 4.Nc3 cxd4 5.Nxd4 a6 6.a4 Nc6 7.Be2 g6 8.O-O Bg7
9.Nb3 b6 10.Bg5 Bb7 11.f4 Nd7 12.Kh1 Nc5 13.Nxc5 dxc5 14.Nd5 f6 15.Bh4 e6
16.Ne3 Qxd1 17.Raxd1 Nd4 18.Bd3 O-O-O 19.c3 Nc6 20.e5 Rhf8 21.Nc4 Kc7 22.Nd6 Ne7
23.Nxb7 Kxb7 24.exf6 Bxf6 25.Bxf6 Rxf6 26.Bxa6+ Kc7 27.Rxd8 Kxd8 28.g3 Nd5
29.Re1 Ke7 30.Bc4 Kd6 31.Kg2 Rf8 32.h4 Nc7 33.Kf3 Ra8 34.Rd1+ Ke7 35.b3 Rb8
36.Ke4 Rf8 37.g4 h5 38.gxh5 gxh5 39.Rg1 Ne8 40.Ke3 Nd6 41.Bd3 c4 42.Bxc4 Nf5+
43.Ke2 Nxh4 44.Rg7+ Kf6 45.Rb7 Ng6 46.Kf3 e5 47.Rxb6+ Kg7 48.Rb7+ Kf6 49.Rb6+ Kg7
50.a5 exf4 51.Re6 Nh4+ 52.Kf2 Rf5 53.a6 Ra5 54.b4 Ra3 55.Re7+  1-0

[Event "TCh-ISR"]
[Site "ISR"]
[Date "2002.01.26"]
[Round "3"]
[White "Alterman,B"]
[Black "Smirin,I"]
[Result "1/2-1/2"]
[WhiteElo "2565"]
[BlackElo "2702"]

1.d4 Nf6 2.c4 g6 3.Nc3 Bg7 4.e4 d6 5.f3 O-O 6.Be3 Nbd7 7.Nh3 c6 8.Be2 e5
9.O-O exd4 10.Bxd4 Ne5 11.Nf2 Nh5 12.Qd2 Be6 13.a4 Nf6 14.b3 c5 15.Be3 Nc6
16.Rad1 Ne8 17.f4 Nd4 18.Nb5  1/2-1/2

[Event "TCh-ISR"]
[Site "ISR"]
[Date "2002.02.02"]
[Round "4"]
[White "Smirin,I"]
[Black "Uritzky,M"]
[Result "1-0"]
[WhiteElo "2702"]
[BlackElo "2418"]

1.e4 c5 2.Nc3 d6 3.Nge2 Nf6 4.d4 cxd4 5.Nxd4 e5 6.Nf3 Be7 7.Bc4 Be6 8.Bb3 O-O
9.O-O Nc6 10.Bg5 Na5 11.Bxf6 Bxf6 12.Nd5 Nxb3 13.axb3 Be7 14.Qd3 f5 15.Nd2 Bg5
16.exf5 Bxf5 17.Ne4 Bh6 18.f3 Kh8 19.Kh1 a6 20.Ndc3 Qh4 21.Qe2 Qf4 22.Nd5 Qh4
23.Nxd6 Bg6 24.Ra4 e4 25.Nxe4 Rae8 26.Rd4 Re5 27.Ndc3 Rfe8 28.Qf2 Qf4 29.Rd7 b5
30.b4 Qf8 31.Rd4 Bf4 32.g3 Bh6 33.Kg2 Qe7 34.Ra1 Qe6 35.Rd6 Qe7 36.Qd4 Qf7
37.Raxa6 Bh5  1-0